Электронно-лучевой функциональный преобразователь; Известия Томского политехнического института [Известия ТПИ]; Т. 105

Dades bibliogràfiques
Parent link:Известия Томского политехнического института [Известия ТПИ]/ Томский политехнический институт (ТПИ).— , 1944-1976
Т. 105.— 1960.— [С. 210-211]
Autor principal: Кантер Б. З.
Sumari:Заглавие с титульного листа
Электронная версия печатной публикации
Idioma:rus
Publicat: 1960
Matèries:
Accés en línia:Черно-белая версия для предварительного просмотра
Цветная версия без потери качества
Format: Electrònic Capítol de llibre
KOHA link:https://koha.lib.tpu.ru/cgi-bin/koha/opac-detail.pl?biblionumber=201805

MARC

LEADER 00000nla2a2200000 4500
001 201805
005 20231031185219.0
035 |a (RuTPU)RU\TPU\book\219944 
035 |a RU\TPU\book\219939 
090 |a 201805 
100 |a 20110929d1960 k y0rusy50 ca 
101 0 |a rus 
102 |a RU 
135 |a drnn ---uucaa 
181 0 |a i  
182 0 |a b 
200 1 |a Электронно-лучевой функциональный преобразователь  |b Электронный ресурс  |f Б. З. Кантер 
203 |a Текст  |c электронный 
215 |a 2 файла (101 Кб, 2.1 Мб) 
230 |a Электронные текстовые данные (2 файла : 101 Кб, 2.1 Мб) 
300 |a Заглавие с титульного листа 
300 |a Электронная версия печатной публикации 
320 |a [Библиогр.: с. 211 (2 назв.)] 
337 |a Adobe Reader 
461 1 |0 (RuTPU)RU\TPU\book\200995  |t Известия Томского политехнического института [Известия ТПИ]  |f Томский политехнический институт (ТПИ)  |d 1944-1976 
463 1 |0 (RuTPU)RU\TPU\book\219858  |t Т. 105  |v [С. 210-211]  |d 1960  |p 266 с. 
610 1 |a электронный ресурс 
610 1 |a труды учёных ТПУ 
700 1 |a Кантер  |b Б. З. 
801 1 |a RU  |b 63413507  |c 20090320  |g PSBO 
801 2 |a RU  |b 63413507  |c 20111103  |g PSBO 
856 4 |u http://www.lib.tpu.ru/fulltext/v/Bulletin_TPU/1960/v105/41_bw.pdf  |z Черно-белая версия для предварительного просмотра 
856 4 |u http://www.lib.tpu.ru/fulltext/v/Bulletin_TPU/1960/v105/41_full.pdf  |z Цветная версия без потери качества 
942 |c CF